Phân tích các yếu tố ảnh hưởng đến hạn chế tín dụng ngân hàng đối với các hộ tiểu thương trên địa bàn tỉnh Hậu Giang (Luận văn thạc sĩ. Ngành: Tài chính ngân hàng)

Shranjeno v:
Bibliografske podrobnosti
Glavni avtor: Trang, Bích Thuận
Format: Knjiga
Jezik:Undetermined
Izdano: Cần Thơ Đại học Cần Thơ 2014
Teme:
Oznake: Označite
Brez oznak, prvi označite!
Thư viện lưu trữ: Trung tâm Học liệu Trường Đại học Cần Thơ
LEADER 00901nam a2200205Ia 4500
001 CTU_198007
008 210402s9999 xx 000 0 und d
082 |a 332.7 
082 |b Th502 
088 |a 603420 
100 |a Trang, Bích Thuận 
245 0 |a Phân tích các yếu tố ảnh hưởng đến hạn chế tín dụng ngân hàng đối với các hộ tiểu thương trên địa bàn tỉnh Hậu Giang 
245 0 |b (Luận văn thạc sĩ. Ngành: Tài chính ngân hàng) 
245 0 |c Trang Bích Thuận; Nguyễn Hữu Đặng (Cán bộ hướng dẫn) 
260 |a Cần Thơ 
260 |b Đại học Cần Thơ 
260 |c 2014 
650 |a Vốn vay,Credit markets,Thị trường tín dụng 
910 |a Nguyễn Thị Mỹ Linh 
980 |a Trung tâm Học liệu Trường Đại học Cần Thơ